000 00296nam a22001337a 4500
008 171031b xxu||||| |||| 00| 0 eng d
020 _a9780072922189
041 _aeng
080 _27 ED
_a33
100 _a58
101 _aBUS
245 _aUNDERSTANDING BUSINESS
_cNICKELS.M
942 _2udc
_cBK
999 _c36695
_d36695